000 00737nam a22002417a 4500
005 20130610145842.0
010 _aENG-107276
020 _a9781259064913
_c295.00
020 _a1259064913
_c295.00
035 _aEN-90809
037 _bDBAD/PUB
082 _a531
100 _aMoore, Thomas A.
245 _aSix ideas that shaped physics :
_cby Thomas A.Moore
_bunit N: the laws of physics are universal /
246 _aLaws of physics are universal
250 _a2nd ed
260 _aNew Delhi
_bTata McGraw Hill
_c2013
270 _aP-24 Green Park Extension
_bNew Delhi
_e110016
300 _axx,264p.:
_c28cm(pbk)
_bill.
500 _aIncludes index
650 _a Mechanics.
942 _2ddc
_cEN
_h531
_mMOO
999 _c75891
_d75891